| 000 | 00617nam a22001817a 4500 | ||
|---|---|---|---|
| 001 | TVUNI | ||
| 005 | 20260126014629.0 | ||
| 008 | 221102s2011 vm vie d | ||
| 020 | _c32000 | ||
| 040 |
_aTVUNI _eAACR2 |
||
| 041 | 0 | _avie | |
| 100 | 1 | _aNguyễn, Thị Hà | |
| 245 | 1 | 0 |
_aTài chình doanh nghiệp : _bDùng cho học viên cao học, nghiên cứu sinh và sinh viên các trường đại học khối tài chính- kinh tế- quản trị kinh doanh / _cNguyễn Thị Hà |
| 260 |
_aHà Nội : _bTài Chính, _c2011 |
||
| 300 |
_a212 tr. ; _c21 cm. |
||
| 942 |
_2ddc _cBK |
||
| 999 |
_c1861 _d1861 |
||
| 912 |
_a1 _bHiển Phạm |
||